Musicians by Top 3 Spotify Tracks - Statistics

General Stats
  • This quiz has been taken 173 times
  • The average score is 9 of 20
Answer Stats
Songs Artist % Correct
Set Fire to the Rain Easy on Me Rolling in the Deep Adele
99%
Stayin Alive How Deep is Your Love More than a Woman Bee Gees
80%
Hips Don't Lie TQG Monotonia Shakira
80%
Wouldn't It Be Nice Good Vibrations Surfin' U.S.A. The Beach Boys
62%
Call Me One Way Or Another Heart of Glass - Remix Blondie
53%
What A Wonderful World Dream A Little Dream Of Me La vie en rose Louis Armstrong
53%
Sweet Dreams(Are Made of These) Here Comes the Rain Again There Must Be an Angel(Playing with my Heart) Eurythmics
52%
What's Love Got to Do with It The Best Proud Mary Tina Turner
50%
(Sittin' On)the Dock of the Bay Stand By Me Hard to Handle Otis Redding
43%
Hungry Like the Wolf Ordinary World Come Undone Duran Duran
42%
More Than a Feeling Peace of Mind Amanda Boston
39%
I Got You (I Feel Good) It's A Man's, Man's, Man's World Get Up Offa That Thing James Brown
38%
Even Flow Alive Black Pearl Jam
38%
Everyday That'll Be The Day Peggy Sue Buddy Holly
29%
Hot Stuff Hot Stuff - 12" Version Bad Girls Donna Summer
29%
Turn Down for What BOMBON Shots Lil Jon
27%
Lonely Boy Howlin' For You Gold on the Ceiling The Black Keys
22%
I Can't Help Myself(Sugar Pie, Honey Bunch) Reach Out I'll Be There Baby I Need Your Love Four Tops
21%
All Out of Love Making Love Out of Nothing At All Lost In Love Air Supply
17%
You Were Meant For Me Who Will Save Your Soul Foolish Games Jewel
12%
No matching quizzes found
Score Distribution
Percent of People with Each Score
Percentile by Number Answered
Your Score History
You have not taken this quiz